Design of concrete structures (Record no. 3628)

000 -LEADER
fixed length control field 00663nam a2200229 a 4500
001 - CONTROL NUMBER
control field 3628
003 - CONTROL NUMBER IDENTIFIER
control field BD-DhUET
008 - FIXED-LENGTH DATA ELEMENTS--GENERAL INFORMATION
fixed length control field 850621s1985 enka b 101 0 eng
020 ## - INTERNATIONAL STANDARD BOOK NUMBER
International Standard Book Number 007Y665486
040 ## - CATALOGING SOURCE
Original cataloging agency DLC
Transcribing agency DLC
Modifying agency BD-DhUET
082 00 - DEWEY DECIMAL CLASSIFICATION NUMBER
Classification number 624.183
Item number NIL/1986
100 ## - MAIN ENTRY--PERSONAL NAME
Personal name Nilson, Arthur H.
245 00 - TITLE STATEMENT
Title Design of concrete structures
Statement of responsibility, etc. by Arthur H. Nilson and George Winter
250 ## - EDITION STATEMENT
Edition statement 10th ed.
260 ## - PUBLICATION, DISTRIBUTION, ETC. (IMPRINT)
Place of publication, distribution, etc. New York:
Name of publisher, distributor, etc. McGraw Hill Book Company,
Date of publication, distribution, etc. 1986.
300 ## - PHYSICAL DESCRIPTION
Extent xi, 380 p. :
Other physical details ill. ;
Dimensions 23 cm.
490 ## - SERIES STATEMENT
Series statement Civil engineering series
504 ## - BIBLIOGRAPHY, ETC. NOTE
Bibliography, etc Includes bibliographies
650 #0 - SUBJECT ADDED ENTRY--TOPICAL TERM
Topical term or geographic name as entry element Reinforced concrete
700 ## - ADDED ENTRY--PERSONAL NAME
Personal name Winter, George
942 ## - ADDED ENTRY ELEMENTS (KOHA)
Koha item type General Book
Holdings
Shelving location Lost status Koha date last seen Koha out on loan Koha item type Date acquired Sublocation or collection (holding branch) Damaged status Koha normalized classification for sorting Location (home branch) Koha issues (times borrowed) Not for loan Koha full call number Withdrawn status Piece designation (barcode) Koha date last borrowed Source of classification or shelving scheme Koha renewals Copy number Price effective from
Circulation section 2026-02-232027-02-23General Book2014-11-02Central Library, BUET 624_000000000000000_183NIL1986Central Library, BUET6 624.183/NIL/1986 778732026-02-23 112014-11-02
Rental section 2024-12-04 Rental Item1990-10-23Central Library, BUET 624_183000000000000_NIL_1986Central Library, BUET  624.183 NIL/1986 77816   ১০/ক-১2024-12-04
Rental section 2024-12-04 Rental Item1990-10-23Central Library, BUET 624_183000000000000_NIL_1986Central Library, BUET  624.183 NIL/1986 77817   ১০/ক-২2024-12-04
Rental section 2024-12-04 Rental Item1990-10-23Central Library, BUET 624_183000000000000_NIL_1986Central Library, BUET  624.183 NIL/1986 77818   ১০/ক-৩2024-12-04
Rental section 2024-12-04 Rental Item1990-10-23Central Library, BUET 624_183000000000000_NIL_1986Central Library, BUET  624.183 NIL/1986 77819   ১০/ক-৪2024-12-04
Rental section 2024-12-04 Rental Item1990-10-23Central Library, BUET 624_183000000000000_NIL_1986Central Library, BUET  624.183 NIL/1986 77820   ১০/ক-৫2024-12-04
Rental section 2024-12-04 Rental Item1990-10-23Central Library, BUET 624_183000000000000_NIL_1986Central Library, BUET  624.183 NIL/1986 77821   ১০/ক-৬2024-12-04
Rental section 2024-12-04 Rental Item1990-10-23Central Library, BUET 624_183000000000000_NIL_1986Central Library, BUET  624.183 NIL/1986 77822   ১০/ক-৭2024-12-04
Rental section 2024-12-04 Rental Item1990-10-23Central Library, BUET 624_183000000000000_NIL_1986Central Library, BUET  624.183 NIL/1986 77823   ১০/ক-৮2024-12-04
Rental section 2024-12-04 Rental Item1990-10-23Central Library, BUET 624_183000000000000_NIL_1986Central Library, BUET  624.183 NIL/1986 77824   ১০/ক-৯2024-12-04
Rental section 2024-12-04 Rental Item1990-10-23Central Library, BUET 624_183000000000000_NIL_1986Central Library, BUET  624.183 NIL/1986 77825   ১০/ক-১০2024-12-04
Rental section 2024-12-04 Rental Item1990-10-23Central Library, BUET 624_183000000000000_NIL_1986Central Library, BUET  624.183 NIL/1986 77826   ১০/ক-১১2024-12-04
Rental section 2024-12-04 Rental Item1990-10-23Central Library, BUET 624_183000000000000_NIL_1986Central Library, BUET  624.183 NIL/1986 77827   ১০/ক-১২2024-12-04
Rental section 2024-12-04 Rental Item1990-10-23Central Library, BUET 624_183000000000000_NIL_1986Central Library, BUET  624.183 NIL/1986 77828   ১০/ক-১৩2024-12-04
Rental section 2024-12-04 Rental Item1990-10-23Central Library, BUET 624_183000000000000_NIL_1986Central Library, BUET  624.183 NIL/1986 77829   ১০/ক-১৪2024-12-04
Rental section 2024-12-04 Rental Item1990-10-23Central Library, BUET 624_183000000000000_NIL_1986Central Library, BUET  624.183 NIL/1986 77830   ১০/ক-১৫2024-12-04
Rental section 2024-12-04 Rental Item1990-10-23Central Library, BUET 624_183000000000000_NIL_1986Central Library, BUET  624.183 NIL/1986 77831   ১০/ক-১৬2024-12-04
Rental section 2024-12-04 Rental Item1990-10-23Central Library, BUET 624_183000000000000_NIL_1986Central Library, BUET  624.183 NIL/1986 77832   ১০/ক-১৭2024-12-04
Rental section 2024-12-04 Rental Item1990-10-23Central Library, BUET 624_183000000000000_NIL_1986Central Library, BUET  624.183 NIL/1986 77833   ১০/ক-১৮2024-12-04
Rental section 2024-12-04 Rental Item1990-10-23Central Library, BUET 624_183000000000000_NIL_1986Central Library, BUET  624.183 NIL/1986 77834   ১০/ক-১৯2024-12-04
Rental section 2024-12-04 Rental Item1990-10-23Central Library, BUET 624_183000000000000_NIL_1986Central Library, BUET  624.183 NIL/1986 77835   ১০/ক-২০2024-12-04